00248nam a22000977a 4500082001600000100001600016245004100032260004500073300000700118650002500125 a294.543 VIM aVimalananda aEternal Messages of Swami Chidananda aHimalayasbThe Devine Life Societyc2010 a96 aSprituality Hinduism